00411nam a2200157Ia 45000010006000000050017000060080041000230410008000640820015000721000037000872450076001242600009002003000028002096500008002376540008002451628920260306170258.0260306t2009||||xx |||||||||||||| ||und|| aESP a347.6bC28 aCarbonell O´Brien, EstebaneAUT 0aEl sistema concursal:buna mirada a la novísima legislación peruana c2009 a846 páginas :c23 cm. aGEN aCDE